000 01071nam a2200181 i 4500
001 126909
003 ES-MaACL
005 20230906192913.0
007 t|
008 070214s1920 sp r ||||1| spa d
100 1 _aRibelles Comín, José (
_d1872-1951)
_996761
245 1 0 _aBibliografía de la lengua valenciana
_b: o sea catálogo razonado por orden alfabético de autores, de los libros, folletos, obras dramáticas, periódicos, coloquios, coplas, chistes, discursos, romances, alocuciones, cantares, gozos, etc., que escritos en lengua valenciana y bilingüe, han visto la luz pública desde el establecimiento de la imprenta en España hasta nuestros días /
_cpor José Ribelles Comín.
260 _aMadrid :
_b[s. n.],
_c1920 (
_fImp. de la Rev. de Archivos, Bibliotecas y Museos)
300 _a676 p. ;
_c27 x 19 cm.
500 _aObra premiada en el concurso público celebrado por la Biblioteca Nacional en 1905 e impresa a expensas del Estado.
650 4 _aLibros catalanes-
_zComunidad Valenciana-
_vBibliografías.
_9168715
852 _aES-MaACL
_jB-3414
999 _c126909
_d126909